000 00438nam a22001817a 4500
999 _c11679
_d11679
003 OSt
008 230109b ||||| |||| 00| 0 eng d
020 _a9789352866045
082 _a658.81 JOS
100 _aJOBBER,David
245 _aSelling and Sales Management
250 _a10th Ed
260 _aUP
_bPearson
_c2020
300 _a522
650 _aSelling and Sales Management
700 _aLANCASTER,Geoffrey
942 _2ddc
_cREF